000
00318nam a22001337a 4500
008
180226b xxu||||| |||| 00| 0 eng d
020
_a
9780138760793
041
_a
eng
080
_a
51
100
_a
39
101
_a
MAT
245
_a
TEACHIING MATHEMATICS FOR THE 21 ST CENTURY
_c
LINDA.H
942
_2
udc
_c
BK
999
_c
43522
_d
43522